000 00901cam a2200313 a 4500
999 _c4284
_d4284
001 60748180
003 OCoLC
005 20181204162837.0
008 060201s2005 ohu 000 0 eng d
010 _a2006272337
020 _a1593107293
_c(pbk.)
020 _a9781593107291
_c(pbk.)
035 _a(OCoLC)60748180
040 _aBAY
_beng
_cBAY
_dDLC
_dBTCTA
_dOIB
042 _alccopycat
050 0 0 _aBV4811
_b.P326 2005
082 _a226
_bP273E
100 1 _aPartner, Daniel
245 1 4 _aThe everyday guide to-- the Gospels /
_cDaniel Partner
246 1 0 _aGospels
260 _aUhrichsville, Ohio :
_bHumble Creek,
_cc2005
300 _a241, [7] p. ;
_c21 cm
490 0 _aEveryday guide to-- books
600 0 0 _aJesus Christ
_xWords
630 0 0 _aBible.
_pN.T.
_pGospels
_vCommentaries
630 0 0 _aBible.
_pN.T.
_pGospels
_xReading
650 0 _aDevotional calendars
942 _2ddc
_cBK